000
00287nam a2200121Ia 4500
008
190216s9999||||xx |||||||||||||| ||und||
100
_a
Gupta B N
245
0
_a
Introduction To Modern Statistics
260
_b
Book Land Pvt Ltd
_c
1973
300
_a
887p
650
_a
Commerce
942
_c
BK
999
_c
4228
_d
4228